NBA Players With the Same First Name - Statistics

General Stats
  • This quiz has been taken 50 times
  • The average score is 15 of 16
Answer Stats
Last Names First Name % Correct
Durant, Garnett, Love Kevin
100%
Duncan, Hardaway Tim
100%
Davis, Edwards Anthony
98%
Webber, Bosh, Paul Chris
98%
Malone, Anthony-Towns Karl
98%
Jokic, Vucevic Nikola
98%
Pippen, Barnes Scottie
98%
Wembanyama, Oladipo Victor
98%
Miller, Iguodala, Drummond Andre
95%
Barkley, Oakley Charles
95%
Kidd, Terry, Williams Jason
95%
Ewing, Beverley Patrick
95%
George, Pierce, Millsap Paul
95%
Maxey, Haliburton Tyrese
93%
Gervin, Mikan George
88%
Rose, Brunson, Williams Jalen
88%
No matching quizzes found
Score Distribution
Percent of People with Each Score
Percentile by Number Answered
Your Score History
You have not taken this quiz